| 000 | 01117cam a22002895i 4500 | ||
|---|---|---|---|
| 003 | EG-ScBUE | ||
| 005 | 20250206101233.0 | ||
| 008 | 090818s2023 ua f b 0000 0 ara d | ||
| 017 | _a2022 / 29085 | ||
| 020 | _a9789779921952 | ||
| 040 |
_aEG-ScBUE _bara _erda _cEG-ScBUE _dEG-ScBUE |
||
| 082 | 0 | 4 |
_a155.2 _bس م ي _222 |
| 100 | 1 |
_aسمير، إيناس، _eمؤلف، _eمترجم. |
|
| 245 | 1 | 2 |
_aالوحش الذي يسكنك يمكن أن يكون لطيفا : _bواجه مخاوفك الشخصية وجها لوجه / _cاختيار وترجمة إيناس سمير. |
| 250 | _aالطبعة الأولى. | ||
| 264 | 1 |
_aالقاهرة : _bعصير الكتب للنشر والتوزيع، _c2023. |
|
| 300 |
_a263 صفحة ؛ _c20 سم |
||
| 336 |
_aنص _btxt _2rdacontent |
||
| 337 |
_aبدون وسيط _bn _2rdamedia |
||
| 338 |
_aمجلد _bnc _2rdacarrier |
||
| 504 | _aيشتمل على إرجاعات ببليوجرافية. | ||
| 541 | _aBook Fair 2025. | ||
| 650 | 7 |
_aالشخصية (علم نفس) _2BUEsh |
|
| 653 |
_bHHUUPPSS _cFebruary2025 |
||
| 655 | _vReading book | ||
| 942 |
_2ddc _cBB |
||
| 999 |
_c30870 _d30841 |
||